Statystyki dla Formuła 1 - Kierowcy w Zespole Ferrari

Kliknij tutaj aby rozwiązać quiz!

Ogólne statystyki

  • Ten quiz został rozwiązany 63 razy
  • Średni wynik to 9 z 20

Statystyki odpowiedzi

StartyKrajLataKierowca% Poprawnych
107Monako2019-terazCharles Leclerc
100%
180Niemcy1996-2006Michael Schumacher
98%
118Niemcy2015-2020Sebastian Vettel
96%
151Finlandia2007-2009, 2014-2018Kimi Raikkonen
95%
69Hiszpania2021-2024Carlos Sainz
93%
96Hiszpania2010-2014Fernando Alonso
93%
139Brazylia2006-2013Felipe Massa
86%
57Austria1974-1977Niki Lauda
79%
102Brazylia2000-2005Rubens Barrichello
66%
66Kanada1977-1982Gilles Villeneuve
34%
65W.Brytania1996-1999Eddie Irvine
25%
96Austria1987-1989, 1993-1995Gerhard Berger
18%
79Francja1991-1995Jean Alesi
16%
55Belgia1968, 1970-1973Jacky Ickx
13%
73Szwajcaria1970-1972,1974-1976Clay Regazzoni
9%
34Argentyna1976-1978Carlos Reutemann
7%
35W.Brytania1953-1955, 1957-1958Mike Hawthorn
7%
80Włochy1984-1988Michele Alboreto
4%
35Włochy1962-1967Lorenzo Bandini
2%
32Francja1983-1985Rene Arnoux
2%

Rozkład punktacji

Percentyl według liczby udzielonych odpowiedzi

Procent ludzi z każdym wynikiem

Twoja historia wyników

Nie rozwiązałeś tego quizu